<?xml version="1.0" encoding="UTF-8"?>
<collection xmlns="http://www.loc.gov/MARC21/slim">
 <record>
  <leader>00476pamaa2200169   4500</leader>
  <controlfield tag="001">0000036797</controlfield>
  <controlfield tag="005">20071105090000.0</controlfield>
  <datafield tag="020" ind1="0" ind2="0">
   <subfield code="a">967978859 (pbk) </subfield>
  </datafield>
  <datafield tag="082" ind1=" " ind2=" ">
   <subfield code="a">923.3595 LIM 2004</subfield>
  </datafield>
  <datafield tag="090" ind1="0" ind2="0">
   <subfield code="a">DS597.215.L564 </subfield>
   <subfield code="b">LIM 2004</subfield>
  </datafield>
  <datafield tag="100" ind1="1" ind2="1">
   <subfield code="a">Lim </subfield>
  </datafield>
  <datafield tag="245" ind1="1" ind2="0">
   <subfield code="a">My Story  </subfield>
   <subfield code="c">Lim Goh Tong.</subfield>
  </datafield>
  <datafield tag="260" ind1="0" ind2="0">
   <subfield code="a">Selangor: </subfield>
   <subfield code="b">Pelanduk Publications, </subfield>
   <subfield code="c">2004.</subfield>
  </datafield>
  <datafield tag="300" ind1=" " ind2=" ">
   <subfield code="a">187p.: </subfield>
   <subfield code="b">ill. col.; </subfield>
   <subfield code="c">22 cm.</subfield>
  </datafield>
  <datafield tag="650" ind1="0" ind2="0">
   <subfield code="a">Businessmen -- </subfield>
   <subfield code="x">Biography -- </subfield>
   <subfield code="z">Malaysia </subfield>
  </datafield>
  <datafield tag="650" ind1="0" ind2="0">
   <subfield code="a">Autobiography </subfield>
  </datafield>
  <datafield tag="700" ind1="1" ind2="1">
   <subfield code="a">Lim, </subfield>
   <subfield code="h">Goh Tong </subfield>
  </datafield>
 </record>
</collection>
